000 03101nam a22003017a 4500
001 9223
003 FISKH
005 20251203122402.0
008 251203b cb ||||| |||| 00| 0 eng d
020 _a9789996333026
040 _aFISKH
_bkhr
_cFISKH
_dFISKH
050 _aPZ7
082 _a398.209
100 _aThai Ly , Ly
245 _aបុរសស្ពាយធាតុខ្មោច :
_bThe fellow carrying the human ashes /
_cរៀបរៀងដោយលោក លី ថៃលី , វិចិត្រកររូបភាពដោយ លោក ថៃ សាន្ត​
260 _aភ្នំពេញ :
_bរោងពុម្ព ពេជ្រ ណែត ,
300 _a20 pages :
_bcolor illustrations ;
_c25 cm .
505 _aN
520 _aនាងកុលធីតាគឺជាស្រីស្អាតម្នាក់នៅក្នុងភូមិ មានបុរសជាច្រើនលួចស្រលាញ់នាង ។ ជាអកុសលនាងមានជំងីក៏ត្រូវស្លាប់ ។ ថ្លែងពីបុរសឈ្មោះសមរ៏ ដោយក្តីស្រលាញ់នាងកុលធីតាពេក បុរសនោះក៏ចូលទៅក្នុងម្ឈុសរបស់នាងកុលធីតា ។អ្នកព្លុកក៏ចាប់ផ្តើមបូជាសពនាងកុលធីតានិងកំលោះសាមរ៏ ។ ក្រោយមកក៏មានបុរសម្នាក់ឈ្មោះ ចៅស្ពាយធាតុ បានរើសកំទេចឆ្អឹងនាងកុលធីតាយកទៅព្រៃហិមពាន្ត ដើម្បីអោយឥសីប្រោះ ហើយក៏លេចចេញបុរសម្នាក់ទៀតធ្វើអោយមានការភ្ញាក់ផ្អើល​ ។ លោកតាឥសីក៏អោយនាងសម្រេចចិត្ត ហើយនាងក៏សម្រេចយកសាមរ៏ជាប្តី និង បុរសស្ពាយធាតុជាឪពុក ។
520 _aKulthita was a beautiful woman in the village, and many men secretly loved her. Unfortunately, she fell ill and passed away. Speaking of a man named Samor, who loved Kulthita so deeply, he also entered her tomb. The villagers then began to hold a funeral ritual for Kulthita and for Samor. Later, another man named Chao Spai Theatu took Kulthita’s bones to the Himalaya forest to prevent evil spirits, which also surprised another man. Lord Isi then allowed her to make a decision, and she chose to take Samor as her husband and Spai Theatu as her father.
521 8 _a550
_bLexile estimate
521 8 _aN
_bRaz-Plus
650 _aបុរសស្ពាយធាតុខ្មោច
_vរឿងនិទានកុមារ
650 _aThe fellow carrying the human ashes
_vChildren's Stories
700 _aSan , Thai
_eIllustrator
942 _2ddc
_cKHB
_n0
999 _c9223
_d9223